000
00197nam a2200085Ia 4500
008
120527s9999 xx 000 0 und d
100
_a
Meyer, V.F
245
_a
International trade policy
942
_c
BK
999
_c
27234
_d
27234